000 00478nam a2200181Ia 4500
001 15680
005 20260306170214.0
008 260306t1988||||xx |||||||||||||| ||und||
041 _aESP
082 _a572.86
_bMc12
100 _aMc Carty, Maclyn
_eAUT
245 0 _aEl Principio Transformador:
_bComo se descubrió que los genes están hechos de DNA
260 _c1988
300 _a179 páginas :
_c21 cm.
650 _aGEN
654 _aCCS
942 _cLIB
_dJUS
_fJUS
_2ddc
_n
999 _c15680
_d15680